Mythologie scandinave (Record no. 23787)

MARC details
000 -LEADER
campo de control de longitud fija 00522nam a2200169 i 4500
001 - NÚMERO DE CONTROL
campo de control 23787
003 - IDENTIFICADOR DE NÚMERO DE CONTROL
campo de control ES-MaACL
005 - FECHA Y HORA DE LA ÚLTIMA TRANSACCIÓN
campo de control 20230906152932.0
007 - CAMPO FIJO DE DESCRIPCIÓN FÍSICA--INFORMACIÓN GENERAL
campo de control de longitud fija t|
008 - DATOS DE LONGITUD FIJA--INFORMACIÓN GENERAL
campo de control de longitud fija 021212s1886 fr ||||1| fre d
100 1# - ENTRADA PRINCIPAL--NOMBRE DE PERSONA
Nombre de persona Anderson, R. B.
9 (RLIN) 21464
245 10 - MENCIÓN DEL TÍTULO
Título Mythologie scandinave
Resto del título : leyendes des adas /
Mención de responsabilidad, etc. R. B. Anderson ; traduction de M. Jules Leclerc.
260 ## - PUBLICACIÓN, DISTRIBUCIÓN, ETC.
Lugar de publicación, distribución, etc. Angers :
Nombre del editor, distribuidor, etc. [s.n.,
Fecha de publicación, distribución, etc. 1886] (
Fabricante Imp. Burdín et C.)
300 ## - DESCRIPCIÓN FÍSICA
Extensión X, 293 p. ;
Dimensiones 17 x 11 cm.
700 1# - ENTRADA AGREGADA--NOMBRE PERSONAL
Nombre de persona Leclerc, Jules.
9 (RLIN) 71087
852 ## - LOCALIZACIÓN
Ubicación ES-MaACL
Número de control de estantería D-2444
Holdings
Estatus retirado Estado de pérdida Estado de daño No para préstamo Colección Biblioteca de origen Biblioteca actual Ubicación en estantería Fecha de adquisición Fuente de adquisición Total de préstamos Signatura topográfica completa Código de barras Visto por última vez Precio de reemplazo Tipo de ítem Koha
        Libros del s. XIX Biblioteca del Ateneo de Madrid Biblioteca del Ateneo de Madrid Sala Valle Inclán 17/01/2008     D-2444 901024512 23/02/2023 23/02/2023 Libro impreso antiguo